| 000 | 004290000a22001810004500 | ||
|---|---|---|---|
| 003 | MACL | ||
| 005 | 20160122183702.0 | ||
| 008 | 160122b xxu||||| |||| 00| 0 eng d | ||
| 040 |
_aMACL _cMACL |
||
| 041 | _aEnglish | ||
| 082 | _a658/GUL | ||
| 100 |
_aGulati, S L _934034 |
||
| 245 | _aM B A | ||
| 260 |
_bCosmos Bookhive _c2002 _aNew Delhi |
||
| 350 | _a400 | ||
| 650 |
_aGeneral management _97116 |
||
| 942 |
_cBK _k658/Gul _2ddc |
||
| 999 |
_c32213 _d32213 |
||